MARC

LEADER 00000nam1a2200000 4500
001 165808
005 20231031161935.0
035 |a (RuTPU)RU\TPU\book\179865 
090 |a 165808 
100 |a 20090922d1966 k y0rusy50 ca 
101 0 |a rus 
102 |a RU 
200 1 |a Тихий океан  |d The Pacific Ocean  |e [в 8 т.]  |f Академия наук СССР (АН СССР), Институт океанологии им. П. П. Ширшова (ИО) ; гл. ред. В. Г. Корт 
210 |a Москва  |c Наука  |d 1966-1970 
510 1 |a The Pacific Ocean  |z eng 
702 1 |a Корт  |b В. Г.  |4 651 
712 0 2 |a Академия наук СССР (АН СССР)  |b Институт океанологии им. П. П. Ширшова (ИО)  |c (Москва)  |2 stltpush  |3 (RuTPU)RU\TPU\col\6016 
801 1 |a RU  |b 63413507  |c 20090922 
801 2 |a RU  |b 63413507  |c 20190910  |g RCR 
942 |c BK